| 000 | 00821nam a22002057a 4500 | ||
|---|---|---|---|
| 999 |
_c18823 _d18823 |
||
| 003 | AR-CdUCM | ||
| 008 | 190515b ||||| |||| 00| 0 spa d | ||
| 040 |
_aMUNICIPALIDAD PROVINCIAL DEL CUSCO _cBIBLIOTECA MUNICIPAL DEL CUSCO |
||
| 082 |
_a910.285 / _bH25 |
||
| 100 |
_aHauyón Dall'Orto, José Luis _939662 |
||
| 245 |
_aPerú : _bProyecto Nacional de Turismo / |
||
| 260 |
_aLima : _bUniversidad de San Martín de Porres, _c1998. |
||
| 300 |
_a344 páginas ; _bCuadro estadísticos, _c22 cm. |
||
| 505 | _aContenido: El turismo en el contexto internacional -- Planteamiento del proyecto nacional de turismo -- Diagnostico del poder del turismo en el país... | ||
| 650 |
_aTurismo _94560 |
||
| 650 |
_aPerú _935 |
||
| 650 |
_aDiagnostico para el turismo _939663 |
||
| 942 |
_2ddc _cLIBROS |
||
| 945 |
_adavv _d2019-05-15 |
||